000 00950nam a2200289 a 4500
001 75507
003 BD-RjUL
005 20211209082713.0
008 190417s2016 enk 000|0|eng|d
020 _a9780198804871 (hbk.) :
_c£25.00
035 _a(BD-RjUL)75725
040 _aStDuBDS
_beng
_erda
_cStDuBDS
_dUk
_dBD-RjUL
041 _aeng
082 0 4 _a398.2094203
_223
_bSID 2016
100 1 _aSimpson, Jacqueline,
_eauthor.
_9230771
245 1 2 _aA dictionary of English folklore /
_cJacqueline Simpson & Steve Roud.
264 1 _aOxford :
_bOxford University Press,
_c2016.
300 _avii, 412 pages ;
_c20 cm.
336 _atext
_2rdacontent
337 _aunmediated
_2rdamedia
338 _avolume
_2rdacarrier
490 0 _aThe Oxford reference collection
650 0 _aFolklore
_zEngland
_vDictionaries.
_9230772
700 1 _aRoud, Stephen, jt. auth.
_9230773
830 _aThe Oxford reference collection
_9230775
942 _2ddc
_cREF
999 _c75507
_d75507